=LDR 00000nam 2200000 4500 =001 INLIS000000000017744 =005 20130612112949 =008 ***********************************Ind** =035 ##$$0010-061300000017744 =041 ##$$a Ind =082 ##$$a 615.852 =090 ##$$a 615.852, Mar h =100 ##$$a Martalegawa, Alpian =245 ##$$a Hipnotis untuk penyembuhan dan kesehatan, oleh Alvian Martalegawa =260 ##$$a 2003 $b Bandung =300 ##$$a vii, 96 hlm, ilus, 18 cm =650 ##$$a Penyembuhan-aspek agama =850 ##$$a NBPNMAT